000 00256nam a22001217a 4500
008 181019b xxu||||| |||| 00| 0 eng d
041 _aeng
080 _a531
100 _a41
101 _aFIZ
245 _aPhysicalDiagnosis
_cAdams.F.D
942 _2udc
_cBK
999 _c50239
_d50239